Languages in their Own Language - Statistics

General Stats
  • This quiz has been taken 101 times
  • The average score is 19 of 20
Answer Stats
Hint Answer % Correct
Dansk Danish
98%
Nederlands Dutch
98%
Français French
98%
Italiano Italian
98%
日本語 Japanese
98%
Latinae Latin
98%
Polskie Polish
98%
Português Portuguese
98%
Español Spanish
98%
Deutsche German
97%
普通话 Mandarin
97%
Pусский Russian
96%
عربى Arabic
94%
Tiếng Việt Vietnamese
94%
Kiswahili Swahili
88%
עִברִית Hebrew
86%
Svenska Swedish
86%
čeština Czech
83%
हिंदी Hindi
82%
فارسی Persian
77%
No matching quizzes found
Score Distribution
Percent of People with Each Score
Percentile by Number Answered
Your Score History
You have not taken this quiz